000 00786cam a22002054a 4500
005 20250826125622.0
008 250528s ||||||||||||||||||||||||d
035 _a15886
020 _a130384887
040 _aGR-AtMCL
_bgre
_dGR-AtMCL
_eAACR2
245 1 _aComputer Networks / Fourth Edition
250 _a4th
260 _bPearson Education Limited,
_c2003
300 _a892
520 _aThis book reflects the newest and most important networking technologies. Preface, Introduction, The Physical Layer, The Data Link Layer, The Medium Access Control Sublayer, The Network Layer, The Transport Layer, The Application Layer, Network Security, Reading List and Bibliography, Index.
700 1 _aTanenbaum, Andrew S.
_9838
942 _cBK
999 _c1434
_d1434